Piłkarze Borussi Dortmund - Statystyki

Ogólne statystyki
  • Ten quiz został rozwiązany 47 razy
  • Średni wynik to 13 z 24
Statystyki odpowiedzi
Piłkarz Narodowość Pozycja % Poprawnych
Kobel Szwajcaria Bramkarz
95%
Sabitzer Austria Pomocnik
79%
Guirassy Gwinea Napastnik
74%
Reyna Usa Pomocnik
74%
Can Niemcy Pomocnik
67%
Lotka Polska Bramkarz
67%
Adeyemi Niemcy Napastnik
64%
Gittens Anglia Napastnik
64%
Brandt Niemcy Pomocnik
62%
Malen Holandia Napastnik
62%
Ryerson Norwegia Obrońca
62%
Schlotterbeck Niemcy Obrońca
62%
Sule Niemcy Obrońca
59%
Bensebaini Algeria Obrońca
51%
Couto Brazylia Obrońca
49%
Nmecha Niemcy Pomocnik
46%
Anton Niemcy Obrońca
44%
Beier Niemcy Napastnik
44%
Meyer Niemcy Bramkarz
41%
Duranville Belgia Napastnik
36%
Grob Niemcy Pomocnik
21%
Campbell Usa Napastnik
10%
Kabar Niemcy Obrońca
10%
Watjen Niemcy Pomocnik
10%
Nie znaleziono quizów pasujących do podanych kryteriów
Rozkład punktacji
Procent ludzi z każdym wynikiem
Percentyl według liczby udzielonych odpowiedzi
Twoja historia wyników
Nie rozwiązałeś tego quizu